000366779 001__ 366779
000366779 005__ 20260413234452.0
000366779 0247_ $$2doi$$a10.1364/ASSL.2025.ATh2A.4
000366779 037__ $$aGSI-2026-00568
000366779 1001_ $$0P:(DE-HGF)0$$aKhalil, Y.$$b0$$eCorresponding author
000366779 1112_ $$aAdvanced Solid State Lasers$$cPrague$$d2025-10-19 - 2025-10-23$$wCzech Republic
000366779 245__ $$aAbove-3kW average power, 3x3 multicore fiber laser system
000366779 260__ $$bOptica Publishing Group Washington, D.C.$$c2025
000366779 29510 $$aOptica Laser Congress Congress 2025 : [Proceedings] - Optica Publishing Group Washington, D.C., 2025. - ISBN 978-1-957171-53-1 - doi:10.1364/ASSL.2025.ATh2A.4
000366779 3367_ $$2ORCID$$aCONFERENCE_PAPER
000366779 3367_ $$033$$2EndNote$$aConference Paper
000366779 3367_ $$2BibTeX$$aINPROCEEDINGS
000366779 3367_ $$2DRIVER$$aconferenceObject
000366779 3367_ $$2DataCite$$aOutput Types/Conference Paper
000366779 3367_ $$0PUB:(DE-HGF)8$$2PUB:(DE-HGF)$$aContribution to a conference proceedings$$bcontrib$$mcontrib$$s1776062657_1358461
000366779 3367_ $$0PUB:(DE-HGF)7$$2PUB:(DE-HGF)$$aContribution to a book$$mcontb
000366779 536__ $$0G:(DE-HGF)POF4-631$$a631 - Matter – Dynamics, Mechanisms and Control (POF4-631)$$cPOF4-631$$fPOF IV$$x0
000366779 588__ $$aDataset connected to CrossRef Conference
000366779 693__ $$0EXP:(DE-Ds200)External_experiment-20200803$$1EXP:(DE-Ds200)other-20200803$$5EXP:(DE-Ds200)External_experiment-20200803$$aother$$eExternal experiment at external facility/ no experiment at GSI (other)$$x0
000366779 7001_ $$0P:(DE-HGF)0$$aBahri, M.$$b1
000366779 7001_ $$0P:(DE-Ds200)OR14271$$aWanitschke, F.$$b2
000366779 7001_ $$0P:(DE-Ds200)OR7874$$aKlenke, A.$$b3
000366779 7001_ $$0P:(DE-HGF)0$$aJauregui, C.$$b4
000366779 7001_ $$0P:(DE-HGF)0$$aNold, J.$$b5
000366779 7001_ $$0P:(DE-HGF)0$$aHaarlammert, N.$$b6
000366779 7001_ $$0P:(DE-Ds200)OR9833$$aSchreiber, T.$$b7
000366779 7001_ $$0P:(DE-HGF)0$$aLimpert, J.$$b8
000366779 773__ $$a10.1364/ASSL.2025.ATh2A.4
000366779 909CO $$ooai:repository.gsi.de:366779$$pVDB
000366779 9101_ $$0I:(DE-Ds200)20121206GSI$$6P:(DE-Ds200)OR14271$$aGSI Helmholtzzentrum für Schwerionenforschung GmbH$$b2$$kGSI
000366779 9101_ $$0I:(DE-Ds200)20121206GSI$$6P:(DE-Ds200)OR7874$$aGSI Helmholtzzentrum für Schwerionenforschung GmbH$$b3$$kGSI
000366779 9101_ $$0I:(DE-Ds200)Ext-HIJ$$6P:(DE-HGF)0$$aExternal Helmholtz Institute: HIJ$$b8$$kHIJ
000366779 9131_ $$0G:(DE-HGF)POF4-631$$1G:(DE-HGF)POF4-630$$2G:(DE-HGF)POF4-600$$3G:(DE-HGF)POF4$$4G:(DE-HGF)POF$$aDE-HGF$$bForschungsbereich Materie$$lVon Materie zu Materialien und Leben$$vMatter – Dynamics, Mechanisms and Control$$x0
000366779 9201_ $$0I:(DE-Ds200)JHL-20220701OR461$$kJHL$$lHIJ / HL$$x0
000366779 980__ $$acontrib
000366779 980__ $$aVDB
000366779 980__ $$acontb
000366779 980__ $$aI:(DE-Ds200)JHL-20220701OR461
000366779 980__ $$aUNRESTRICTED